| 000 | 01591cam a2200445 i 4500 | ||
|---|---|---|---|
| 001 | xx005917243 | ||
| 003 | NUKAT | ||
| 005 | 20260407215931.0 | ||
| 008 | 260407s1914 xx a |000 0 pol c | ||
| 035 | _a(NUKAT)xx005917243 | ||
| 040 |
_aOLSZT 008/AL _bpol _erda _cOLSZT 008/AL _dOLSZT 008/AL |
||
| 041 | 1 |
_apol _hger |
|
| 046 | _k1914 | ||
| 245 | 0 | 0 | _aMały podręcznik Arcybractwa Straży Honorowej Najsłodszego Serca Pana Jezusa. |
| 250 | _aWydanie drugie. | ||
| 260 |
_a[Miejsce nieznane] : _b[wydawca nieznany], _c1914. |
||
| 300 |
_a90, [5] stron : _bilustracje ; _c15 cm. |
||
| 336 |
_aTekst _btxt _2rdacontent |
||
| 337 |
_aBez urządzenia pośredniczącego _bn _2rdamedia |
||
| 338 |
_aWolumin _bnc _2rdacarrier |
||
| 380 | _aKsiążki | ||
| 380 | _aPublikacje religijne | ||
| 388 | 1 | _a1901-2000 | |
| 388 | 1 | _a1901-1914 | |
| 500 | _aU góry strony tytułowej: Niech żyje Jezus! | ||
| 500 | _aNa stronie tytułowej: Z aprobatą biskupią. | ||
| 500 | _aRok wydania według imprimatur. | ||
| 546 | _aPrzekład z języka niemieckiego. | ||
| 600 | 0 | 7 |
_aJezus Chrystus _2DBN _936603 |
| 650 | 7 |
_aBractwa religijne _2DBN _939603 |
|
| 650 | 7 |
_aDuchowość katolicka _2DBN _937278 |
|
| 650 | 7 |
_aKatolicyzm _2DBN _935191 |
|
| 650 | 7 |
_aKult _2DBN _939604 |
|
| 650 | 7 |
_aSerce Jezusa _2DBN _939605 |
|
| 650 | 7 |
_aNajświętsze Serce Jezusa _vmodlitewniki. _2kaba _939606 |
|
| 655 | 7 |
_aModlitewnik _2DBN _936203 |
|
| 658 | _aReligia i duchowość | ||
| 710 | 2 |
_aArcybractwo Straży Honorowej Najświętszego Serca Pana Jezusa. _eInstytucja sprawcza _939607 |
|
| 942 |
_2ddc _cBK_NM |
||
| 999 |
_c27464 _d27464 |
||